000 00788nam a2200205 a 4500
008 120416s1994 ||||||||||||||||| || u
020 _a0750692448
050 _aTP 156.E8 Mac
100 _aMcHugh, Mark A
245 1 0 _aSupercritical fluid extraction: principles and practice
250 _a2nd ed.
260 _aBoston:
_bButterworth-Heinemann
_c1994
300 _avii, 512 p.: ill.
350 _a0.00
490 _aButterworth-Heinemann series in chemical engineering
500 _aIncludes bibliographical references (p. 373-394) and index.
650 _aSUPERCRITICAL FLUID EXTRACTION
700 _aKrukonis, Val J
995 _D0.00
_FCBU-MAIN LIBRARY (Kitwe)
_H1
_I0.00
_M1
_UAVAILABLE
_ZAnnex Low-Usage Collection
999 _c59099
_d59099